00711 2200205 4500001002100000005001700021008004100038035002400079090002000103100003500123245016400158250001100322260006900333300001800402650003400420850001500454980001500469985000600484999001500490YOGYA-0209000004184020090227025819.0 ind  0010-020900000041840 a352bYog KlYOG aYOGYAKARTA. Keputusan Gubernur aKeputusan Gubernur Kepala daerah Indtimewa Yogyakarta No. 333/KPTS/1992 tentang petunjuk umum koordinasi kegiatan instansi vertikal dan Dinas daerah di prop... aCet. 1 aYogyakartabBiro Bina Pemerintahan Umum Setwilda Prop. DIYc1993 a14 hlmc21 cm aPemerintah Daerah - Peraturan aYOPDYOG(B) a26-06-2007 a1 a07A0022569